Konstrukcii iz dereva i plastmass

Saved in:
Bibliographic Details
Format: Book
Language:Russian
Published: Moskva : Strojizdat, 1975
Tags: Add Tag
No Tags, Be the first to tag this record!

MARC

LEADER 00000nam a22000003a 4500
001 stu208858
005 20141121192827.7
008 100813s1975----xxr-----------------rus-d
040 |a STU  |b slo 
041 0 |a rus 
044 |a xxr 
080 |a 624.01/075.8/ 
245 |a Konstrukcii iz dereva i plastmass 
260 |a Moskva :  |b Strojizdat,  |c 1975 
300 |a 687 s 
996 |c V*11142/O-2963  |l VV9  |s P  |a 0  |w stu208858_0001 
996 |c V*11143/O-2963a  |l VV9  |s P  |a 0  |w stu208858_0002 
996 |c V*11144/O-2963b  |l VV9  |s P  |a 0  |w stu208858_0003 
996 |c V*11145/O-2963c  |l VV9  |s P  |a 0  |w stu208858_0004